| 000 | 00779nam a2200229 a 4500 | ||
|---|---|---|---|
| 005 | 20250620063844.0 | ||
| 008 | 181017s2010 mx r 000 0 spa d | ||
| 020 | _a9706289593 | ||
| 035 | _aUPN01000227381 | ||
| 049 | _aCG | ||
| 050 | 4 |
_aRA448.5 I4.4 _bM5.4 |
|
| 245 | 0 | 0 |
_aMigración y salud : _binmigrantes mexicanas en Estados Unidos. |
| 260 |
_aMéxico : _bCONAPO, _c2010. |
||
| 300 |
_a55 p. : _bmapas, gráfs. |
||
| 501 | _aCon: Migration & health : mexican immigrant women in the U.S. | ||
| 650 | 4 |
_aINMIGRANTES - _xATENCION MEDICA - _zESTADOS UNIDOS _926312 |
|
| 650 | 2 |
_aMujeres inmigrantes _97705 |
|
| 650 | 4 |
_aMexicanos en los Estados Unidos _94447 |
|
| 740 | 0 | _aMigration & health : mexican immigrant women in the U.S. | |
| 905 | _aLibro | ||
| 999 |
_c199476 _d199476 |
||